00790nam a22002177a 450000100060000000300080000600500170001400800410003103500190007204000350009104100080012608200250013410000260015924501180018526000730030330000390037650200790041550400340049465000130052870000310054180837BD-RjUL20230607104516.0221123s1998 bg a|||| m||| 00| 0 eng d a(BD-RjUL)80837 aBD-RjULbengcBD-RjULdBD-RjUL aeng 223a511.33bISS 1998 aIslam, A.K.M. Sirajul10aSectionally pseudocomplemented distributive nearlattices /cby A.K.M. Sirajul Islam ;6Supervisor : A. S. A. Noor aRajshahi :bDepartment of Mathematics, University of Rajshahi,c1998 a(vi), 112 leaves :bill, ;c29.cm. aThesis (Ph. D.) -- Department of Mathematics, University of Rajshahi, 1998 aReferences : Leaves 106 - 112 aLattices aNoor, A. S. A. Supervisor